| 000 | 00828nam a2200265 a 4500 | ||
|---|---|---|---|
| 003 | Co-PeBPM | ||
| 005 | 20251019192414.0 | ||
| 008 | 231129s1984||||xx ao|||||||||||| ||spa|| | ||
| 020 | _a84-8280-660-2 | ||
| 040 |
_bspa _aCo-PeBPM _cCo-PeBPM _eRDA |
||
| 041 |
_aspa _hspa |
||
| 082 | _a261.833 Y19n | ||
| 100 |
_aYallop, David _eAutor |
||
| 245 | 0 |
_aEn nombre de Dios: _bInvestigación sobre el asesinato de Juan Pablo I |
|
| 250 | _aPrimera | ||
| 260 | _c1984 | ||
| 264 | _aBogotá (Colombia), Editorial La Oveja Negra; 1984 | ||
| 300 |
_a329 páginas; _c20cms |
||
| 500 | _aIncluye índice general | ||
| 505 | _aIncluye índice general | ||
| 650 | 1 | 4 |
_2LEMB _aVaticano _vInvestigación |
| 650 | 1 | 4 |
_2LEMB _aCrimen |
| 700 |
_aSebastián Bel Spino _eTraductor |
||
| 942 |
_2ddc _cBK _n0 |
||
| 999 |
_c12908 _d12908 |
||